<?xml version="1.0" encoding="UTF-8"?><?xml-stylesheet type="text/xsl" href="static/style.xsl"?><OAI-PMH xmlns="http://www.openarchives.org/OAI/2.0/" xmlns:xsi="http://www.w3.org/2001/XMLSchema-instance" xsi:schemaLocation="http://www.openarchives.org/OAI/2.0/ http://www.openarchives.org/OAI/2.0/OAI-PMH.xsd"><responseDate>2026-04-14T19:05:19Z</responseDate><request verb="GetRecord" identifier="oai:uvadoc.uva.es:10324/73005" metadataPrefix="marc">https://uvadoc.uva.es/oai/request</request><GetRecord><record><header><identifier>oai:uvadoc.uva.es:10324/73005</identifier><datestamp>2025-05-23T10:20:48Z</datestamp><setSpec>com_10324_1145</setSpec><setSpec>com_10324_931</setSpec><setSpec>com_10324_894</setSpec><setSpec>col_10324_1254</setSpec></header><metadata><record xmlns="http://www.loc.gov/MARC21/slim" xmlns:doc="http://www.lyncode.com/xoai" xmlns:xsi="http://www.w3.org/2001/XMLSchema-instance" xmlns:dcterms="http://purl.org/dc/terms/" xsi:schemaLocation="http://www.loc.gov/MARC21/slim http://www.loc.gov/standards/marcxml/schema/MARC21slim.xsd">
<leader>00925njm 22002777a 4500</leader>
<datafield tag="042" ind1=" " ind2=" ">
<subfield code="a">dc</subfield>
</datafield>
<datafield tag="720" ind1=" " ind2=" ">
<subfield code="a">Aparicio Gervas, Jesús María</subfield>
<subfield code="e">author</subfield>
</datafield>
<datafield tag="720" ind1=" " ind2=" ">
<subfield code="a">Ibáñez Giralda, Carlos A.</subfield>
<subfield code="e">author</subfield>
</datafield>
<datafield tag="260" ind1=" " ind2=" ">
<subfield code="c">2023</subfield>
</datafield>
<datafield tag="520" ind1=" " ind2=" ">
<subfield code="a">El cine es uno de los mejores recursos que facilitan la transmisión del conocimiento de una realidad cultural, permitiendo eliminar prejuicios y estereotipos y generando, a su vez, espacios de convivencia intercultural. El objetivo que pretendemos alcanzar pretende impulsar el importante papel de la mujer gitana como elemento catalizador de la inclusión social de su comunidad. A través de una rigurosa selección cinematográfica, perseguimos visibilizar los rasgos más significativos de la cultura gitana. Los resultados obtenidos nos van a permitir profundizar en su realidad cultural como recurso de intervención social en contextos educativos.</subfield>
</datafield>
<datafield tag="024" ind2=" " ind1="8">
<subfield code="a">VISUAL Review, 2023, pp. 2 - 15</subfield>
</datafield>
<datafield tag="024" ind2=" " ind1="8">
<subfield code="a">2695-9631</subfield>
</datafield>
<datafield tag="024" ind2=" " ind1="8">
<subfield code="a">https://uvadoc.uva.es/handle/10324/73005</subfield>
</datafield>
<datafield tag="024" ind2=" " ind1="8">
<subfield code="a">10.37467/revvisual.v10.4576</subfield>
</datafield>
<datafield tag="024" ind2=" " ind1="8">
<subfield code="a">2</subfield>
</datafield>
<datafield tag="024" ind2=" " ind1="8">
<subfield code="a">15</subfield>
</datafield>
<datafield tag="024" ind2=" " ind1="8">
<subfield code="a">Mujer gitana y cine español. Un recurso didáctico</subfield>
</datafield>
<datafield ind1=" " ind2=" " tag="653">
<subfield code="a">Educación</subfield>
</datafield>
<datafield ind1=" " ind2=" " tag="653">
<subfield code="a">Antropologia</subfield>
</datafield>
<datafield ind1=" " ind2=" " tag="653">
<subfield code="a">Interculturalidad</subfield>
</datafield>
<datafield tag="245" ind1="0" ind2="0">
<subfield code="a">Mujer gitana y cine español. Un recurso didáctico</subfield>
</datafield>
</record></metadata></record></GetRecord></OAI-PMH>